01014nmc a2200325 a 4500003000900000005001700009008004100026020001800067040001300085100004300098245006100141250001200202260002500214300001100239490004800250504005400298650001300352650002300365650002000388650002200408650002500430650001300455651001300468651002100481800004200502942000700544998001200551999001500563952011000578AR-BaBNM20251128203314.0077019s1992 ||||||||||||||000 | spa|| a84-7100-313-9 cAR-BaBNM1 aComellas y García-Llera, José Luis10aSevilla, Cádiz y Américabel trasiego y el tráfico a1ª ed. aMadridbMapfrec19920 a336 p. 0aRelaciones entre España y Américavv. 4 aContiene bibliografía para consultar p. 325-328 4aCOMERCIO 4aHISTORIA ECONOMICA 4aHISTORIA SOCIAL 4aHISTORIA POLITICA 4aCASA DE CONTRATACION 4aRELIGION 4aEspaña 4aAmérica Latina1 aGallego, José Andrésecoordinador cBK cmariana c2809d2809 00102ddc405171aLPLbLPLd2025-11-28l0o970/980 C-MRE 4p054809r2025-11-28 20:33:14w2025-11-28yBK